000
00341nam a2200133Ia 4500
008
231129s1999||||xx |||||||||||||| ||spa||
020
_a
84-86732-77-8
040
_b
spa
082
_a
R(i) 745.5 P657
245
0
_a
Pinocho: trabajos manuales
260
_c
1999
264
_a
Cultural
942
_2
ddc
_c
BKS
999
_c
22766
_d
22766